000 00971cam a22002531 4500
001 hew64000026
003 DLC
005 20260227111513.0
008 800527s1963 dcua b f000 0 eng c
010 _ahew64000026
035 _a(OCoLC)6362190
040 _aU.S. Dept. of Health, Education, and Welfare. Library
_cICSU
_dOCoLC
_dDLC
050 0 0 _aRJ206
_b.I45 1963c
111 2 _aInstitute on Nutrition Services in Mental Retardation Programs
_d(1963 :
_cCincinnati)
245 0 2 _aA report.
260 _a[Washington]
_bU.S. Dept. of Health, Education, and Welfare, Welfare Administration, Children's Bureau,
_c1963.
300 _a119 p.
_bdiagrs., tables.
_c26 cm.
500 _a"Sponsored by Ohio Department of Health [and others]"
504 _aIncludes bibliographies.
650 0 _aChildren with mental disabilities
_vCongresses.
650 0 _aNutrition
_vCongresses.
710 1 _aUnited States.
_bChildren's Bureau.
710 1 _aOhio.
_bDepartment of Health.
999 _c34464
_d34464